Tecnología e industrialización / (Record no. 110200)

MARC details
000 -LEADER
campo de control de longitud fija 00519nam a2200181 4500
001 - NÚMERO DE CONTROL
campo de control 110200
003 - IDENTIFICADOR DE NÚMERO DE CONTROL
campo de control ES-MaACL
007 - CAMPO FIJO DE DESCRIPCIÓN FÍSICA--INFORMACIÓN GENERAL
campo de control de longitud fija t|
008 - DATOS DE LONGITUD FIJA--INFORMACIÓN GENERAL
campo de control de longitud fija 061121s1983 sp r ||||1| spa d
100 1# - ENTRADA PRINCIPAL--NOMBRE DE PERSONA
Nombre de persona Molero Zayas, José.
9 (RLIN) 81862
245 10 - MENCIÓN DEL TÍTULO
Título Tecnología e industrialización /
Mención de responsabilidad, etc. José Molero Zayas.
260 ## - PUBLICACIÓN, DISTRIBUCIÓN, ETC.
Lugar de publicación, distribución, etc. Madrid :
Nombre del editor, distribuidor, etc. Pirámide,
Fecha de publicación, distribución, etc. 1983.
300 ## - DESCRIPCIÓN FÍSICA
Extensión 150 p. ;
Dimensiones 21 cm.
490 1# - MENCIÓN DE SERIE
Mención de serie Escuela de Salamanca
830 0# - PUNTO DE ACCESO ADICIONAL DE SERIE-TÍTULO UNIFORME
Título uniforme Escuela de Salamanca
9 (RLIN) 185614
852 ## - LOCALIZACIÓN
Ubicación ES-MaACL
Número de control de estantería L-3897
Sublocalización o colección R.104518
Holdings
Estatus retirado Estado de pérdida Estado de daño No para préstamo Biblioteca de origen Biblioteca actual Ubicación en estantería Fecha de adquisición Fuente de adquisición Total de préstamos Signatura topográfica completa Código de barras Visto por última vez Precio de reemplazo Tipo de ítem Koha
        Biblioteca del Ateneo de Madrid Biblioteca del Ateneo de Madrid Depósito 2 17/01/2008     L-3897 1114970 23/02/2023 23/02/2023 Libro impreso